| 000 | 00559nam a2200205Ia 4500 | ||
|---|---|---|---|
| 003 | OSt | ||
| 005 | 20250113103209.0 | ||
| 008 | 210210b1958 xxu||||| |||| 00| 0 eng d | ||
| 040 | _cAL | ||
| 041 | _akan | ||
| 082 | _a859/670 | ||
| 100 |
_aTRIVIKRAMA _9144875 _dತ್ರಿವಿಕ್ರಮ |
||
| 245 |
_aDevata stri-1: _bದೇವತಾ ಸ್ತ್ರೀ -1 |
||
| 260 |
_aBengaLUru _bVaradaraja Prakashana _c1958 |
||
| 650 |
_astri-1 _9144876 |
||
| 650 |
_aDevata _9144877 |
||
| 690 |
_aKannada Fiction _9144878 |
||
| 906 | _a021522 | ||
| 942 |
_2ddc _cBK |
||
| 999 |
_c145609 _d145609 |
||